Strategic appraisal (Record no. 1690)
[ view plain ]
| 000 -LEADER | |
|---|---|
| fixed length control field | 01400nam a22003494a 4500 |
| 082 04 - DEWEY DECIMAL CLASSIFICATION NUMBER | |
| Classification number | 355.3/43 |
| 245 00 - TITLE STATEMENT | |
| Title | Strategic appraisal |
| 260 ## - PUBLICATION, DISTRIBUTION, ETC. (IMPRINT) | |
| Place of publication | Santa Monica, CA : |
| Name of publisher | RAND, |
| Year of publication | 1999. |
| 300 ## - PHYSICAL DESCRIPTION | |
| Number of Pages | xxiii, 452 p. : |
| Other physical details | ill., map. |
| 500 ## - GENERAL NOTE | |
| General note | "Prepared for the United State Air Force." |
| General note | "Rand." |
| General note | "Project AIR FORCE." |
| 650 #0 - SUBJECT ADDED ENTRY--TOPICAL TERM | |
| Topical Term | Military art and science |
| 700 1# - ADDED ENTRY--PERSONAL NAME | |
| Personal name | Khalilzad, Zalmay. |
| Personal name | White, John P. |
| 856 40 - ELECTRONIC LOCATION AND ACCESS | |
| Uniform Resource Identifier | http://site.ebrary.com/lib/rucke/Doc?id=5002312 |
No items available.
